ՀՀ Գիտությունների ազգային ակադեմիայի հիմնարար գիտական գրադարան  =   Fundamental Scientific Library of NAS RA

Arte italiana, decorativa e industriale / (Record no. 304718)

MARC details
000 -LEADER
fixed length control field 01681cas a22004091a 4500
001 - CONTROL NUMBER
control field 000855210
003 - CONTROL NUMBER IDENTIFIER
control field AM-YeHGA
005 - DATE AND TIME OF LATEST TRANSACTION
control field 20250617145021.0
008 - FIXED-LENGTH DATA ELEMENTS--GENERAL INFORMATION
fixed length control field 760712d18911911it mrzp 0 b0ita d
040 ## - CATALOGING SOURCE
Original cataloging agency AM-YeHGA
041 0# - LANGUAGE CODE
Language code of text/sound track or separate title ita
090 ## - LOCALLY ASSIGNED LC-TYPE CALL NUMBER (OCLC); LOCAL CALL NUMBER (RLIN)
-- 306423
222 #0 - KEY TITLE
Key title Arte italiana, decorativa e industriale
245 00 - TITLE STATEMENT
Title Arte italiana, decorativa e industriale /
Statement of responsibility, etc. pubblicato sotto il patrocinio del Ministero di agricoltura, industria e commercio.
246 30 - VARYING FORM OF TITLE
Title proper/short title Arte italiana
260 ## - PUBLICATION, DISTRIBUTION, ETC.
Place of publication, distribution, etc. Milano :
Name of publisher, distributor, etc. Ulrico Hoepli.
300 ## - PHYSICAL DESCRIPTION
Extent 20 v. :
Other physical details ill., plates ;
Dimensions 45-59 cm.
310 ## - CURRENT PUBLICATION FREQUENCY
Current publication frequency Monthly
362 1# - DATES OF PUBLICATION AND/OR SEQUENTIAL DESIGNATION
Dates of publication and/or sequential designation Began with anno 1 (1890/91); ceased with anno 20, n. 12 (dic. 1911).
500 ## - GENERAL NOTE
General note Editors: 1890-91, Ferdinando Ongania. - 1892-1911, Camillo Boito.
500 ## - GENERAL NOTE
General note Part of the illustrative material is colored, part folded ; some of the plates issued with v. 1-8 are bound separately in 4 v.
500 ## - GENERAL NOTE
General note No more published.
500 ## - GENERAL NOTE
General note Description based on: 1896; title from vol. title page.
500 ## - GENERAL NOTE
General note Latest issue consulted: Anno 20, n. 12 (dicembre 1911).
515 ## - NUMBERING PECULIARITIES NOTE
Numbering peculiarities note Vols. 13-20 called also new ser., v. 1-8.
515 ## - NUMBERING PECULIARITIES NOTE
Numbering peculiarities note Publication suspended July-Dec. 1893.
650 04 - SUBJECT ADDED ENTRY--TOPICAL TERM
Topical term or geographic name entry element Ամսագիր
650 #0 - SUBJECT ADDED ENTRY--TOPICAL TERM
Topical term or geographic name entry element Art
Form subdivision Periodicals.
650 #0 - SUBJECT ADDED ENTRY--TOPICAL TERM
Topical term or geographic name entry element Art
Geographic subdivision Italy
Form subdivision Periodicals.
650 #0 - SUBJECT ADDED ENTRY--TOPICAL TERM
Topical term or geographic name entry element Decoration and ornament
Form subdivision Periodicals.
650 #0 - SUBJECT ADDED ENTRY--TOPICAL TERM
Topical term or geographic name entry element Decorative arts
Form subdivision Periodicals.
700 1# - ADDED ENTRY--PERSONAL NAME
Personal name Ongania, Ferdinando,
Dates associated with a name 1842-1911.
700 1# - ADDED ENTRY--PERSONAL NAME
Personal name Boito, Camillo,
Dates associated with a name 1836-1914.
710 1# - ADDED ENTRY--CORPORATE NAME
Corporate name or jurisdiction name as entry element Italy.
Subordinate unit Ministero di agricoltura, industria e commercio.
776 08 - ADDITIONAL PHYSICAL FORM ENTRY
Relationship information Also available online:
Title Arte italiana, decorativa e industriale (Online)
942 ## - ADDED ENTRY ELEMENTS (KOHA)
Source of classification or shelving scheme Universal Decimal Classification
Koha item type Շարունակական պաշար / Continuing Resource
Holdings
Withdrawn status Lost status Source of classification or shelving scheme Damaged status Not for loan Collection Home library Current library Date acquired Serial enumeration / chronology Total checkouts Full call number Barcode Date last seen Price effective from Koha item type Public note
    Universal Decimal Classification     Levon Zekiyan Individual Collection Fundamental Scientific Library Fundamental Scientific Library 09/01/2017 1901, An. 10, No. 10 (Ottobre)   Zek/352 FL0212144 09/01/2017 09/01/2017 Շարունակական պաշար / Continuing Resource ILL Non-Circ.


ՀՀ ԳԱԱ հիմնարար գիտական գրադարան
ՀՀ,Երևան 0019
Մարշալ Բաղրամյան 24/6
հեռախոս:(374-10) 52-47-50
Հետադարձ կապ

All site content, except where otherwise noted, is licensed under a
Creative Commons License